Orientaciones educativas para niños de 0 a 3 años
Saved in:
| Hovedforfatter: | |
|---|---|
| Format: | Bog |
| Sprog: | spansk |
| Udgivet: |
Madrid
Bruño
1996
|
| Serier: | Colección Nueva Escuela, 21
|
| Fag: | |
| Tags: |
Tilføj Tag
Ingen Tags, Vær først til at tagge denne postø!
|
MARC
| LEADER | 00000nam a2200000 a 4500 | ||
|---|---|---|---|
| 001 | UCN0047 | ||
| 003 | CL-VaPUC | ||
| 008 | 010316e19960000SP |||||||||||||||||spa|d | ||
| 082 | 0 | 4 | |a 372.21 |b JUS |2 21 |
| 100 | |a Justo de la Rosa, Marisol |e author |9 529101 | ||
| 245 | 1 | 0 | |a Orientaciones educativas para niños de 0 a 3 años |
| 300 | |a 190 p | ||
| 942 | |c BK | ||
| 945 | |d 20010316 00:00:00 |a cmena | ||
| 260 | |a Madrid |b Bruño |c 1996 | ||
| 650 | 0 | |a Educación preescolar |9 260381 | |
| 650 | 0 | |a Métodos de enseñanza |9 270413 | |
| 650 | 0 | |a Currículo |9 307290 | |
| 650 | 0 | |a Desarrollo individual |9 307875 | |
| 650 | 0 | |a Niños |9 255605 | |
| 583 | |a last modification |c 20010316 00:00:00 |k Rodrigo Vera | ||
| 490 | 0 | |a Colección Nueva Escuela, 21 | |
| 999 | |c 294019 |d 294017 | ||
| 952 | |0 0 |1 0 |4 0 |6 372_210000000000000_JUS_1996 |7 0 |8 A |9 345859 |a BIBEDU |b BIBEDU |c ES_NOD |d 2019-11-20 |i 3699188 |o 372.21 JUS 1996 |p 3699188 |r 2023-08-09 |w 2019-11-20 |y BK |k EPE | ||